000 00529nam a2200181Ia 4500
005 20250508160928.0
008 008 250505s9999 xx 000 0 eng d
037 _aReference
040 _aFEDL
_beng
_cFEDL
041 _aeng
_2eng
084 _a370.954, SHU
_qFEDL
100 _aShukla P D
_990316
245 0 _aTowards the new pattern of education in India
260 _aNew Delhi, India
_bSterling Publishing Pvt. Ltd.
_c1976
300 _a215p.
942 _cREF
_h370.954, SHU
999 _c1367449
_d1367449